书目信息 |
| 题名: |
爱你邻居 9
|
|
| 作者: | 孙长虹、罗佳、叶飞飞 编 | |
| 分册: | ||
| 出版信息: | 西安 西北电子科技大学出版社 1998.12 |
|
| 页数: | 281页 | |
| 开本: | 32开 | |
| 丛书名: | ||
| 单 册: | ||
| 中图分类: | H319.4 | |
| 科图分类: | ||
| 主题词: | 英语 | |
| 电子资源: | ||
| ISBN: | 7-5606-0684-9 | |
| 000 | 00582nam0 2200193 45 | |
| 001 | 0003221648 | |
| 005 | 20000322164425.7 | |
| 010 | @a7-5606-0684-9@d10.00元 | |
| 100 | @a20000322d1998 km y0chiy0120 ea | |
| 101 | @achi | |
| 105 | @a z 000yy | |
| 200 | 1 | @a爱你邻居 9@AAi Ni Lin Ju 9@f孙长虹、罗佳、叶飞飞编@FSun Chang Hong、Luo Jia、Ye Fei Fei Bian |
| 210 | @a西安@c西北电子科技大学出版社@d1998.12 | |
| 215 | @a281页@d32开 | |
| 606 | 0 | @a英语 |
| 690 | @aH319.4@v3 | |
| 701 | @a孙长虹、罗佳、叶飞飞@4编 | |
| 801 | @aCN@bPftUser@c20000322 | |
| 905 | @f4@b51605-608@dH319.4@eS315/9 | |
| 爱你邻居 9/孙长虹、罗佳、叶飞飞编.-西安:西北电子科技大学出版社,1998.12 |
| 281页;32开 |
| ISBN 7-5606-0684-9:10.00元 |
| ● |
| 相关链接 |
|
|
|
正题名:爱你邻居9
索取号:H319.4/S315/9
 
预约/预借
| 序号 | 登录号 | 条形码 | 馆藏地/架位号 | 状态 | 备注 |
| 1 | 51605 | 200516058 | 语言库209/209语言库 48排3列3层/ [索取号:H319.4/S315/9] | 在馆 | |
| 2 | 51606 | 200516067 | 语言库209/209语言库 48排3列3层/ [索取号:H319.4/S315/9] | 在馆 | |
| 3 | 51607 | 200516076 | 自科二线504/504自科库 20排1列5层/ [索取号:H319.4/S315/9] | 在馆 | |
| 4 | 51608 | 200516085 | 语言库209/209语言库 48排3列3层/ [索取号:H319.4/S315/9] | 在馆 |